| 000 | 00977nam a2200277 a 4500 | ||
|---|---|---|---|
| 001 | BRCA_2306 | ||
| 005 | 20190320203742.0 | ||
| 008 | 190808s2007----mx-a---###---#000-0#spa-# | ||
| 020 | _a9789689068358 | ||
| 041 | _aspa | ||
| 044 | _amx | ||
| 050 | 4 |
_aZ1029 _b.M46 2007 |
|
| 245 | 1 | 0 |
_aMemoria _bPágina Web : Biblioteca y libro antiguo _cbajo la coordinación de Elvia Carreño Velázquez. |
| 260 |
_aMéxico _bApoyo al Desarrollo de Archivos y Bibliotecas de México _c2007 |
||
| 300 |
_a154 p. _bil. a color _c24 cm. |
||
| 440 | 0 |
_aColección Memoria _v12 _96903 |
|
| 500 | _aIncluye glosario | ||
| 504 | _aBibliografía : p. 154 | ||
| 610 | 2 | 4 |
_aApoyo al Desarrollo de Archivos y Bibliotecas de México (Ciudad de México) _96904 |
| 650 | 1 | 4 |
_aLibros antiguos _xArchivos _zMéxico _96905 |
| 650 | 1 | 4 |
_aLibros _xHistoria _zMéxico _96906 |
| 650 | 1 | 4 |
_aBiblioteca _xHistoria _zMéxico _96907 |
| 653 | 0 | _aADABI | |
| 700 | 1 |
_aCarreño Velázquez, Elvia _96908 |
|
| 942 |
_2lcc _cB |
||
| 999 |
_c2051 _d2051 |
||